| 000 | 00489nam a22001697a 4500 | ||
|---|---|---|---|
| 005 | 20250605100945.0 | ||
| 008 | 250605b |||||||| |||| 00| 0 eng d | ||
| 020 | _a0-618-4968-0 | ||
| 050 | _aQA 276.B73 2006 | ||
| 100 | _aHENRY CHARLES BRASE | ||
| 245 | _aUNDERSTANDABLE STATISTICS CONCEPTS AND METHODS | ||
| 260 |
_aNEWYORK _bHOUGHTON MIFFLIN COMPANY _c2006 |
||
| 300 | _aX,809 | ||
| 500 | _aINCLUDES APPENDIX | ||
| 650 | _a Mathematical statistics--Textbooks. | ||
| 942 |
_2lcc _cBK |
||
| 999 |
_c215579 _d215579 |
||